Contributions to statistics : (Record no. 69680)
[ view plain ]
| 000 -LEADER | |
|---|---|
| fixed length control field | 00803nam a2200217 a 4500 |
| 001 - CONTROL NUMBER | |
| control field | 69680 |
| 003 - CONTROL NUMBER IDENTIFIER | |
| rucl marc code | BD-RjUL |
| 005 - DATE AND TIME OF LATEST TRANSACTION | |
| control field | 20211209081920.0 |
| 008 - FIXED-LENGTH DATA ELEMENTS--GENERAL INFORMATION | |
| fixed length control field | 170413s1965 enka 010 0 eng d |
| 035 ## - SYSTEM CONTROL NUMBER | |
| System control number | (BD-RjUL)69892 |
| 040 ## - CATALOGING SOURCE | |
| Original cataloging agency | DLC |
| Transcribing agency | MCL |
| Modifying agency | SER |
| -- | UKM |
| -- | EQO |
| -- | BD-RjUL |
| Language of cataloging | eng |
| 041 ## - LANGUAGE CODE | |
| Language code of text/sound track or separate title | eng |
| 082 ## - DEWEY DECIMAL CLASSIFICATION NUMBER | |
| Edition number | 23 |
| Classification number | 519.5 |
| Author mark and year | CON 1965 |
| 245 10 - TITLE STATEMENT | |
| Title | Contributions to statistics : |
| Remainder of title | presented to P.C. Mahalanobis on the occasion of his 70th birthday / |
| Statement of responsibility, etc. | edited by C.R. Rao, in collaboration with D.B. Lahiri ... [et al.] |
| 260 ## - PUBLICATION, DISTRIBUTION, ETC. (IMPRINT) | |
| Place of publication, distribution, etc. | Oxford : |
| Name of publisher, distributor, etc. | Pergamon Press, |
| Date of publication, distribution, etc. | 1965 |
| 300 ## - PHYSICAL DESCRIPTION | |
| Pagination | 528 p. : |
| Illustrations | ill. ; |
| Size | 28 cm |
| 650 #0 - SUBJECT ADDED ENTRY--TOPICAL TERM | |
| Topical term or geographic name as entry element | Statistics. |
| 9 (RLIN) | 206398 |
| 700 1# - ADDED ENTRY--PERSONAL NAME | |
| Personal name | Rao, C. Radhakrishna |
| Fuller form of name | (Calyampudi Radhakrishna), |
| Dates associated with a name | 1920- |
| Personal name | Mahalanobis, P. C. |
| Fuller form of name | (Prasanta Chandra) |
| Dates associated with a name | 1893-1972. |
| 942 ## - ADDED ENTRY ELEMENTS (KOHA) | |
| Source of classification or shelving scheme | Dewey Decimal Classification |
| Koha item type | Books |
| Lost status | Source of classification or shelving scheme | Damaged status | Not for loan | Collection code | Permanent Location | Current Location | Shelving location | Date acquired | Source of acquisition | Cost, normal purchase price | Total Checkouts | Full call number | Date last seen | Copy number | Koha item type |
|---|---|---|---|---|---|---|---|---|---|---|---|---|---|---|---|
| Dewey Decimal Classification | Not For Loan | Non-fiction | Central Library, University of Rajshahi | Central Library, University of Rajshahi | Reading Room | 23/11/1968 | Zeithinger | 134.00 | 519.5 CON 1965 | 13/04/2017 | C-1 | Books |